Guess all the books I read in 2024! - Statistics

General Stats
  • This quiz has been taken 12 times
  • The average score is 9 of 14
Answer Stats
Author Book % Correct
George Orwell 1984
100%
Susanna Clarke Piranesi
75%
Kurt Vonnegut Slaughterhouse-Five
75%
Emily St. John Mandel Station Eleven
75%
Philip Pullman The Golden Compass
75%
Donna Tartt The Secret History
75%
Jared Diamond Collapse: How Societies Choose to Fail or Succeed
50%
M.L. Rio Graveyard Shift
50%
M.L. Rio If We Were Villains
50%
Sandra Newman Julia
50%
Rachel Gillig One Dark Window
50%
Casey McQuiston Red, White, & Royal Blue
50%
Aliya Whiteley The Beauty
50%
Rachel Gillig Two Twisted Crowns
50%
No matching quizzes found
Score Distribution
Percent of People with Each Score
Percentile by Number Answered
Your Score History
You have not taken this quiz